Developing management skills / (Record no. 9421)
[ view plain ]
| 000 -LEADER | |
|---|---|
| fixed length control field | 00795 a2200229 4500 |
| 008 - FIXED-LENGTH DATA ELEMENTS--GENERAL INFORMATION | |
| fixed length control field | 101213t xxu||||| |||| 00| 0 eng d |
| 010 ## - LCCN (DPL NO) | |
| LC control number | ENG-88879 |
| 020 ## - INTERNATIONAL STANDARD BOOK NUMBER | |
| Terms of availability | 595.00 |
| International Standard Book Number | 9788120333789 |
| 035 ## - SYSTEM CONTROL NUMBER | |
| System control number | EN-72412 |
| 037 ## - SOURCE OF ACQUISITION | |
| Source of stock number/acquisition | DBAD / PUB |
| 082 ## - DEWEY DECIMAL CLASSIFICATION NUMBER | |
| Classification number | 658.40071173 |
| 100 ## - MAIN ENTRY--PERSONAL NAME | |
| Personal name | Whetten, David A. |
| 9 (RLIN) | 24733 |
| 245 1# - TITLE STATEMENT | |
| Title | Developing management skills / |
| Statement of responsibility, etc | by David A.Whetten [and] Kim S. Cameron |
| 250 ## - EDITION STATEMENT | |
| Edition statement | 7th ed |
| 260 ## - PUBLICATION, DISTRIBUTION, ETC. (IMPRINT) | |
| Place of publication, distribution, etc | New Delhi |
| Name of publisher, distributor, etc | Prentice-Hall of India |
| Date of publication, distribution, etc | 2008 |
| 270 ## - ADDRESS | |
| Address | M-97, Connaught Circus, |
| City | New Delhi |
| Postal code | 110 001 |
| 300 ## - PHYSICAL DESCRIPTION | |
| Extent | xxi, 724p. : |
| Dimensions | 28cm (pbk) |
| 500 ## - GENERAL NOTE | |
| General note | Includes index |
| 700 ## - ADDED ENTRY--PERSONAL NAME | |
| Personal name | Cameron, Kim S. |
| 9 (RLIN) | 24734 |
| 942 ## - ADDED ENTRY ELEMENTS (KOHA) | |
| Institution code [OBSOLETE] | dpl |
| Item type | English Books |
| Call number prefix | 658.40071173 / WHE |
| Source of classification or shelving scheme | Dewey Decimal Classification |
| Withdrawn status | Lost status | Source of classification or shelving scheme | Damaged status | Not for loan | Collection code | Home library | Current library | Source of acquisition | Cost, normal purchase price | Total Checkouts | Full call number | Barcode | Date last seen | Copy number | Cost, replacement price | Koha item type |
|---|---|---|---|---|---|---|---|---|---|---|---|---|---|---|---|---|
| Dewey Decimal Classification | Not For Loan | Non-fiction | D.B.Act.Division | D.B.Act.Division | DBAD/PUB | 595.00 | 658.40071173 WHE | EN-72412 | 15/09/2008 | 1 | 595.00 | English Books |
